Представление документа в формате RUSMARC

ПолеНазваниеЗначение
  Тип записи c
  Библиографический уровень m
001 Контрольный номер UONB/MAIN/a9309879e17f48e7a55fdfaf203e14b8
005 Дата корректировки 20251125163931.2
010 Индекс ISBN __
9 Тираж 5000 экз.
013 Номер (ISMN) __
d Цена 85 к.
071 Издательские номер (звукозапись и ноты) 21
a Номер, присвоенный агентством 14382
100 Данные общей обработки __
a Данные общей обработки 20250716d1990 u y0rusy0189 ca
101 Язык документа 0_
a Язык текста rus
f Язык титульного листа rus
102 Страна публикации __
a Страна публикации RU
125 Кодированные данные звукозаписи и нотных изданий __
a Форма изложения нотного текста с
128 Кодированные данные (звукозаписи-физические характеристики) __
a Кодированные данные: Музыкальная форма и тональность или лад sg
b Инструменты или голоса, необходимые для ансамблей (устаревшее) cu
c Инструменты или голоса, рекомендуемые для солистов (устаревшее) vu
200 Заглавие и сведения об ответственности 1_
a Заглавие Вып. 11
e Сведения, относящиеся к заглавию песни советских композиторов
e Сведения, относящиеся к заглавию для хора в сопровождении фортепиано (баяна, гитары)
g Последующие сведения об ответственности составитель В. Федоров
203 Вид содержания и тип средства __
a Вид содержания Музыка
b Характеристика содержания знаковая
c Тип средства непосредственная
210 Выходные данные 1_
d Дата издания 1990
215 Физическое описание __
a Объем 64 с.
d Формат 29 см
327 Примечание о содержании 11
a Примечание о содержании Содерж.: Птичкин Е. Была судьба / сл. Р. Рождественского. Лученок И. Бессмертие / сл. В. Добронравова. Окуджава Б. Нам нужна одна победа : из кинофильма "Белорусский вокзал" / муз. и сл. Б. Окуджавы. Блантер М. Катюша / сл. М. Исаковского. Фиготин Б. Дирижеры военные / сл. Ф. Лаубе. Дунаевский И. Марш из кинофильма "Веселые ребята" / сл. В. Лебедева-Кумача. Островский А. Зори московские / сл. М. Лисянского. Тухманов Д. В доме моем / сл. А. Саед-Шах. Мокроусов Б. Костры горят далекие / сл. И. Шамова. Мажуков А. Улетела птичья стая / сл. Я. Гальперина. Лебедев В. Воспоминание о школьном вальсе / сл. А. Зосименко. Пахмутова А. Солнце любви твоей / сл. Н. Добронравова. Крылатов Е. Прекрасное Далеко : из телефильма "Гостья из будущего" / сл. Ю. Энтина. Николаев И. Две звезды / муз. и сл. И. Николаева. Намин С. Мы желаем счастья вам! / сл. И. Шаферана. Дога Е. Счастья вам, люди / сл. А. Дементьева.
461 Уровень набора _0
1 2001
a Cпоемте, друзья!
v Вып. 11
1 2101
a Москва
c Музыка
d 1980 -
1 001UONB/MAIN/686e1c024bb5400da1ae6b6540f50a70
1 2251
a Художественной самодеятельности
464 Аналитический уровень _0
1 036
t А мы не станем памяти перечить...
1 700 1
a Птичкин
b Е.
1 702 1
a Рождественский
b Р.
4 520
1 2001
a Была судьба
464 Аналитический уровень _0
1 036
t Там, где горы покрыты мглою...
1 700 1
a Лученок
b И.
1 702 1
a Добронравов
b Н.
4 520
1 2001
a Бессмертие
464 Аналитический уровень _0
1 036
t Здесь птицы не поют...
1 700 1
a Окуджава
b Б.
1 702 1
a Окуджава
b Б.
4 520
1 2001
a Нам нужна одна победа
e из кинофильма "Белорусский вокзал"
1 50010
a Белорусский вокзал
464 Аналитический уровень _0
1 036
t Расцветали яблони и груши...
1 700 1
a Блантер
b М.
1 702 1
a Исаковский
b М.
4 520
1 2001
a Катюша
464 Аналитический уровень _0
1 036
t Дирижеры военные, капельмейстеры бравые...
1 700 1
a Фиготин
b Б.
1 702 1
a Лаубе
b Ф.
4 520
1 2001
a Дирижеры военные
464 Аналитический уровень _0
1 036
t Легко на сердце от песни веселой...
1 700 1
a Дунаевский
b И.
1 702 1
a Лебедев-Кумач
b В.
4 520
1 2001
a Марш из кинофильма "Веселые ребята"
1 50010
a Веселые ребята
464 Аналитический уровень _0
1 700 1
a Островский
b А.
1 702 1
a Лисянский
b М.
4 520
1 2001
a Зори московские
464 Аналитический уровень _0
1 700 1
a Тухманов
b Д.
1 702 1
a Саед-Шах
b А.
4 520
1 2001
a В доме моем
464 Аналитический уровень _0
1 700 1
a Мокроусов
b Б.
1 702 1
a Шамов
b И.
4 520
1 2001
a Костры горят далекие
464 Аналитический уровень _0
1 036
t Крылом укрывшись, дремлет птица...
1 700 1
a Мажуков
b А.
1 702 1
a Гальперин
b Я.
4 520
1 2001
a Улетела птичья стая
464 Аналитический уровень _0
1 036
t Тополиный пух кружится...
1 700 1
a Лебедев
b В.
1 702 1
a Зосименко
b А.
4 520
1 2001
a Воспоминание о школьном вальсе
464 Аналитический уровень _0
1 036
t Погода резко изменилась...
1 700 1
a Пахмутова
b А.
1 702 1
a Добронравов
b Н.
4 520
1 2001
a Солнце любви твоей
464 Аналитический уровень _0
1 036
t Слышу голос из Прекрасного Далёка...
1 700 1
a Крылатов
b Е.
1 702 1
a Энтин
b Ю.
4 520
1 2001
a Прекрасное Далеко
e из телефильма "Гостья из будущего"
1 50010
a Гостья из будущего
464 Аналитический уровень _0
1 036
t В небе полночном, в небе весеннем...
1 700 1
a Николаев
b И.
1 702 1
a Николаев
b И.
4 520
1 2001
a Две звезды
464 Аналитический уровень _0
1 036
t В мире, где кружится снег шальной...
1 700 1
a Намин
b С.
1 702 1
a Шаферан
b И.
4 520
1 2001
a Мы желаем счастья вам!
464 Аналитический уровень _0
1 036
t Счастья вам, люди, вечного...
1 700 1
a Дога
b Е.
1 702 1
a Дементьев
b А.
4 520
1 2001
a Счастья вам, люди
606 Тематические рубрики 0_
a Основная рубрика Хоровое пение
x Основная подрубрика Песни советских композиторов
x Основная подрубрика Массовые песни
610 Ключевые слова 0_
a Ключевые слова хоровое пение; песни советских композиторов; массовые песни
686 Индексы других классификаций __
2 Код системы rubbk
a Классификационный индекс 85.94-041(2)я436
686 Индексы других классификаций __
a Классификационный индекс 85.941.0-041(2)я436
2 Код системы rubbk
702 Вторичная интеллектуальная ответственность _1
a Фамилия Федоров
b Имя (инициалы) В. А.
g Полное личное имя Виктор Алексеевич
4 Код отношения 220
801 Источник записи _0
a Страна RU
b Организация Ульяновская ОНБ
c Дата составления 20250716
g Правила каталогизации RCR
801 Источник записи _1
a Страна RU
b Организация Ульяновская ОНБ
c Дата составления 20250716
g Правила каталогизации RCR
901 Тип документа __
t Тип документа n
w Контрольный № источника UONB/MAIN/686e1c024bb5400da1ae6b6540f50a70
909 Создатель записи __
a Создатель записи Никитина Т. А.
b Дата создания записи 20250716